banner-ar

التعليم الاساسى مفاهيمه - مبادؤه - تطبيقاته / (Record no. 43540)

MARC details
000 -الفاتح
حقل البيانات ثابتة الطول 00594nam a2200193Ia 4500
008 - عناصر البيانات ثابتة الطول - معلومات عامة
حقل البيانات ثابتة الطول 140319s9999 xx 000 0 ara d
040 ## - مصدر الفهرسة
وكالة الفهرسة الأصلية GCL /
وكالة النسخ GCL
082 04 - رقم تصنيف ديوى العشرى
رقم التصنيف 372.2
رقم المادة م ت
100 1# - المدخل الرئيسى - إسم شخصى
الإسم الشخصى منصور حسين
245 10 - بيان العنوان
العنوان التعليم الاساسى مفاهيمه - مبادؤه - تطبيقاته /
بيان المسئوليه,etc منصور حسين
700 1# - المدخل الاضافى - اسم شخصى
الإسم الشخصى يوسف خليل يوسف
300 ## - الوصف المادى
التعداد 80
490 ## - بيان السلسلة
عنوان السلسلة 100 قصة
رقم المجلد/ التعيين التسلسلي 0
650 04 - المدخل الاضافى بالموضوع-مصطلح موضوعى
مصطلح موضوعي التعليم الالزامى
650 04 - المدخل الاضافى بالموضوع-مصطلح موضوعى
مصطلح موضوعي التعليم الاساسى
650 04 - المدخل الاضافى بالموضوع-مصطلح موضوعى
مصطلح موضوعي التربية والتعليم
942 ## - عناصر المدخل الإضافي( كوها)
مصدر التصنيف او مخطط الترفيف Dewey Decimal Classification
Koha [default] item type كتاب
Holdings
حالة التراجع حالة الفقد حالة تلف ليس للاعارة المكان المؤقت الموقع الحالى تاريخ الاكتساب اجمالي اﻻعارات رقم الطلب الباركود تاريخ اخر مشاهدة تاريخ تفعيل السعر نوع وعاء كوها
        مكتبة القاهرة الكبرى مكتبة القاهرة الكبرى 03/26/2014   372.2\م ت 105443 03/26/2014 03/26/2014 كتاب

Powered By

EGPV